Constitución socioeconómica y derechos económicos, sociales y culturales /
Guardado en:
| Autor Principal: | |
|---|---|
| Formato: | Libro |
| Idioma: | Undetermined |
| Publicado: |
Buenos Aires :
Ad-Hoc,
2009.
|
| Edición: | 1a. ed. |
| Series: | Derecho público y garantías ;
II |
| Materias: | |
| Etiquetas: |
Agregar Etiqueta
Sin Etiquetas, Sea el primero en etiquetar este registro!
|
| LEADER | 00569nam a22001695a 4500 | ||
|---|---|---|---|
| 001 | DER.der015188 | ||
| 008 | 250516s2009####ag############000#0#und#d | ||
| 005 | 20250516120147.0 | ||
| 245 | 1 | 0 | |a Constitución socioeconómica y derechos económicos, sociales y culturales / |c Andrés Gil Domínguez. |
| 250 | |a 1a. ed. | ||
| 260 | |a Buenos Aires : |b Ad-Hoc, |c 2009. | ||
| 300 | |a 281 p. | ||
| 490 | 1 | |a Derecho público y garantías ; |v II | |
| 020 | |a 9789508447147 | ||
| 100 | 1 | |a Gil Domínguez, Andrés. | |
| 650 | 7 | |a DERECHO CONSTITUCIONAL | |
| 859 | |a DERECHO |b BIB. DERECHO |h 342.01 |i GIL |p 0010584 | ||
